000
00316nam a22001217a 4500
008
190314b xxu||||| |||| 00| 0 eng d
041
_a
eng
080
_a
043.3
100
_a
0
101
_a
SHKI-MA
245
_a
Eficienca e energjise ne rrjetat e komunikimit mobil, 3G, 4H dhe LTE
_c
Hasanmetaj, A
942
_2
udc
_c
BK
999
_c
54804
_d
54804